000
00329nam a2200157Ia 4500
100
_a
Husain/Ashfaq
650
_a
Electric Machines
942
_c
BK
366
_f
12
245
_a
Electric machines
260
_b
Dhanpat and Sons
_c
2005
082
_a
621.31042
_b
HUS
300
_a
632
546
_a
ENGLISH
_c
TTL
999
_c
34960
_d
34960